Quizzes
Events
Quiz Creation
Community
Videos
Private Events
Remove Ads
Sign In
Join for FREE
Feedback
Dark Mode
Quiz Categories
Sports
Geography
Music
Movies
Television
Just For Fun
Miscellaneous
History
Literature
Language
Science
Gaming
Entertainment
Religion
Holiday
For Kids
Quiz Lab
Recent
Popular Today
Quiz Kudos Today
Editor Picks
Curator Picks
Quizzes by...
Day
Popularity
Type
Ratings
Length
Year
Community
Subscriptions
Recent Discussions
Orange Saloon
Badges
Playlists
Quests
Create
Leaderboards
Showdown
Live 5
Trivia Bingo
Activity
Puzzle Library
Sporcle Events
Private Events
Virtual Trivia
Globe League
Become a Host
Pub Owners
SporcleCon
Opinionation
Our Games
Videos
Blog
Mobile Apps
Partnerships
Remove Ads and Go Orange
Feedback
Music
Pop Music
The Beatles
Song
Album
Lyrics
Bands
Singers
Artist
Clip
Rock
Rap
Classical
Billboard
Country Music
Kpop
Taylor Swift
Music
Pop Music
The Beatles
Song
Album
Lyrics
Bands
Singers
Artist
Clip
Rock
Rap
Classical
Billboard
Country Music
Kpop
Taylor Swift
Random Quiz
Search Sporcle
×
Quiz Lab
Quiz Lab
Music
United Kingdom
Type in answers that appear in a list
Type in answers that appear in a list
Classic
Best Score? Go Orange.
Scotland the Brave Lyrics Stats
Can you write the lyrics to Scotland the Brave?
By
BelgianManatee
10m
220 Questions
101 Plays
101 Plays
101 Plays
Comments
Comments
Give Quiz Kudos
Give Quiz Kudos
-
- Ratings
hide this ad
More Info
Replay
Link that replays current quiz
Next Quiz
Link to next quiz in quiz playlist
You Got
0%
They Got
Avg Score
68%
Avg Friend Score
Upgrade to see
Score Distribution
Jump to the score distribution portion of the page
Score
0/220
Timer
10:00
0
Plays Today
Lyrics
% Correct
the
99%
the
99%
and
99%
the
99%
the
99%
the
99%
a-
99%
the
99%
the
99%
the
99%
the
99%
the
99%
the
99%
the
99%
the
99%
the
99%
the
99%
the
99%
the
99%
the
99%
the
99%
the
99%
a-
99%
and
99%
the
99%
the
99%
the
99%
the
99%
Scotland
98%
Scotland
98%
Scotland
98%
Scotland
98%
Scotland
98%
Scotland
98%
brave.
95%
Brave
95%
brave.
95%
Brave!
95%
of
86.1%
of
86.1%
of
86.1%
of
86.1%
of
86.1%
of
86.1%
of
86.1%
Of
86.1%
of
86.1%
of
86.1%
Land
82.2%
Land
82.2%
Land
82.2%
Land
82.2%
Land
82.2%
Land
82.2%
Land
82.2%
Land
82.2%
Land
82.2%
my
77.2%
my
77.2%
my
77.2%
my
77.2%
my
77.2%
my
77.2%
my
77.2%
my
77.2%
my
77.2%
for
76.2%
High
74.3%
High
74.3%
high
74.3%
High
74.3%
High
74.3%
high
74.3%
High
74.3%
Lyrics
% Correct
high
74.3%
Hear!
73.3%
Hear
73.3%
are
73.3%
are
73.3%
are
73.3%
are
73.3%
are
73.3%
are
73.3%
are
73.3%
is
70.3%
mountain
70.3%
mountain
70.3%
mountain
70.3%
you,
69.3%
you,
69.3%
pipes
68.3%
glen.
68.3%
forever,
68.3%
forever,
68.3%
forever,
68.3%
in
67.3%
heart
67.3%
in
67.3%
to
67.3%
in
67.3%
heart
67.3%
in
67.3%
to
67.3%
heart
67.3%
in
67.3%
heart
67.3%
calling,
66.3%
calling,
66.3%
Highland
66.3%
proud
66.3%
proud
66.3%
proud
66.3%
when
65.3%
endeavour,
64.4%
shining
64.4%
endeavour,
64.4%
shining
64.4%
endeavour,
64.4%
shining
64.4%
thro'
63.4%
where
63.4%
men.
63.4%
hame,
63.4%
hame,
63.4%
Where
63.4%
hame,
63.4%
your
62.4%
river,
62.4%
your
62.4%
river,
62.4%
your
62.4%
river,
62.4%
Hark
61.4%
Loudly
61.4%
proudly
61.4%
Down
61.4%
as
60.4%
wave,
60.4%
as
60.4%
wave,
60.4%
wave,
60.4%
hills
59.4%
spirits
58.4%
old
58.4%
may
58.4%
gloriously
58.4%
may
58.4%
gloriously
58.4%
Lyrics
% Correct
may
58.4%
gloriously
58.4%
night
57.4%
falling
57.4%
There
57.4%
that
57.4%
that
57.4%
that
57.4%
leaping,
56.4%
hearts
56.4%
beat
56.4%
from
56.4%
Now
55.4%
feel
55.4%
Towering
55.4%
misty
55.4%
Out
55.4%
greet
55.4%
Towering
55.4%
feel
55.4%
Towering
55.4%
gallant
54.5%
by
54.5%
Scottish
54.5%
love
54.5%
gallant
54.5%
Scottish
54.5%
Scottish
54.5%
love
54.5%
gallant
54.5%
standards
53.5%
purple
53.5%
standards
53.5%
standards
53.5%
sleeping.
52.5%
blood
52.5%
islands,
52.5%
skies.
52.5%
meet
52.5%
skies
52.5%
friends
51.5%
rain.
51.5%
beneath
50.5%
eyes.
50.5%
sweet
50.5%
Far
49.5%
Highlands,
48.5%
off
48.5%
kiss
48.5%
Wild
47.5%
winds
47.5%
fair
47.5%
maiden's
47.5%
places,
47.5%
faces
47.5%
Staunch
46.5%
shines
46.5%
sunlit
46.5%
Yearning
46.5%
again.
46.5%
Sad
45.5%
dreaming
45.5%
Longing
45.5%
dreaming
45.5%
homeland
45.5%
Kind
43.6%
tropic
43.6%
sets
42.6%
beaming,
38.6%
flame,
37.6%
flame,
37.6%
flame,
37.6%
Quiz Playlist
Details
Report
Send in Message
Add To Playlist
More Info:
Gotten from Wikipedia
Classic:
Type in answers that appear in a list
Last Updated: Sep 24, 2019
Quiz Scoreboard
CHALLENGE
Sign Up to Join the Scoreboard
Show All
Scores
Hide
Comments
May contain spoilers
Recently Published
9x9 Crossword: Cartoon Network
by jackfrog10
Miscellaneous
3m
College Basketball Coaching Resumes
by pancakes188
Sports
9m
Billboard Blitz: Fleetwood Mac
by CooCooCachoo
Music
15s
More to Explore
Quiz From the Vault
Featured Blog Post
Where Did the Easter Bunny Come From?
hide this ad
You Might Also Like...
Tags
Lyrics Quiz
United Kingdom Quiz
Brave
Civilization
Folk Music
Scotland
scottish
Today's Top Quizzes in Music
Browse Music
hide this ad
Today's Top Quizzes in United Kingdom
Browse United Kingdom
Top Contributed Quizzes in Music
1
Taylor Swift All Songs (2024)
2
Guess the Artist- 70s Songs
3
7-to-1: Billboard Hot 100 #1 Hits of 2010s
4
Sorting Albums and Songs
5
Taylor Swift Logic Puzzle
6
KPOP LOGIC QUIZ
7
Guess the Taylor Swift song (Mystery Song)
8
Guess The Taylor Swift Lyrics Song #1
9
Billboard Blitz: ABBA
10
One Thing in Common: Music
Explore More
Trending Topics
NBA
Disney
Kpop
Harry Potter
Crossword
Anime
Marvel
WWE
Puzzle
Soccer
Country
NFL
Pokémon
Song
The Office
hide this ad
More By:
BelgianManatee
Quiz
Plays
Rating
Category
Featured
Created
A Very Romanian Quiz
2,718
4.00
Geography
Oct 22, 2015
Jurassic Park Survival Logic Puzzle
1,909
4.50
Just For Fun
Nov 18, 2015
Civilizations of The Civilization Series
955
4.80
Gaming
Feb 22, 2018
Its like in the Great Stories, Mr Frodo
428
4.75
Movies
Jan 22, 2016
Playable countries in axis and allies
334
4.00
Gaming
Sep 18, 2014
Go to Creator's Profile
Score Distribution
Quiz Creator Spotlight
BelgianManatee
Follow
Send a Message
Quizzes Created
-
Created Quiz Play Count
-
More By This Creator
Popular Quizzes Today
1
Find the US States - No Outlines Minefield
2
Find the Countries of Europe - No Outlines Minefield
3
The Countries of the World
4
Find the US States
5
Risky Map Clicking: Biggest States A-Z
6
US States
7
Popular People in 1961
8
Movies - When Are They Set?
More Music Quizzes
Bands That Peaked at #2
Published
Trending Quizzes
Risky Map Clicking: Least Populous States A-Z
1-10 Letter G Words
1-10 Letter F Words
Risky Map Clicking: Next State Alphabetically
Adjectives in 80s TV Shows
Recently Updated
Leaping Animals
pecheneg
Reality TV Shows (A-Z)
bhenderson79
Rickey Henderson's Hall of Fame Teammates
pecheneg
Champions League XIs: Arsenal
pecheneg
Quick Pick: Celebrities in WWE's Hall of Fame
aduchscher
A-Z Keypad Blitz II
pecheneg
Multiple Oscar Actors
pecheneg
Mystery Phrase Blitz: Oscar 'Best Actors'
pecheneg
F. Scott Fitzgerald Novels
LTH
Pick 3 Villains
ddd62291
Trending Topics
Marvel
NBA
Anime
Disney
Crossword
Kpop
Harry Potter
Puzzle
NFL
Pokémon
Country
WWE
Song
Soccer
The Office
Your Account Isn't Verified!
In order to create a playlist on Sporcle, you need to verify the email address you used during registration. Go to your
Sporcle Settings
to finish the process.
Report this User
Report this user for behavior that violates our
Community Guidelines
.
Details:
Send Report
Go to the Sporcle.com Mobile Site →
Comments